Online
Catalog

Trastornos del dormir / (Record no. 43894)

MARC details
000 -CABECERA
campo de control de longitud fija 00621nam a2200181 a 4500
001 - NÚMERO DE CONTROL
campo de control 000044405
005 - FECHA Y HORA DE LA ÚLTIMA TRANSACCIÓN
campo de control 20201002045341.0
008 - DATOS DE LONGITUD FIJA--INFORMACIÓN GENERAL
campo de control de longitud fija 140627s2000 mx a 001 0 spa d
020 ## - NÚMERO INTERNACIONAL ESTÁNDAR DEL LIBRO
Número Internacional Estándar del Libro 9701026810
040 ## - FUENTE DE LA CATALOGACIÓN
Centro catalogador/agencia de origen DO-SdBNP
Lengua de catalogación spa
Centro/agencia transcriptor BNPHU
100 1# - ENTRADA PRINCIPAL--NOMBRE DE PERSONA
Nombre de persona Valencia Flores, Matilde
9 (RLIN) 72415
245 10 - MENCIÓN DE TÍTULO
Título Trastornos del dormir /
Mención de responsabilidad, etc. Matilde Valencia Flores, Rafael J. Salín Pascual, José Rogelio Pérez Padilla.
260 ## - PUBLICACIÓN, DISTRIBUCIÓN, ETC.
Lugar de publicación, distribución, etc. México :
Nombre del editor, distribuidor, etc. Mcgraw-Hill Interamericana,
Fecha de publicación, distribución, etc. 2000.
300 ## - DESCRIPCIÓN FÍSICA
Extensión 389 p. ;
Dimensiones 27 cm.
500 ## - NOTA GENERAL
Nota general Incluye ídice
700 12 - PUNTO DE ACCESO ADICIONAL--NOMBRE DE PERSONA
Nombre de persona Salín Pascual, Rafael J.
9 (RLIN) 72416
700 12 - PUNTO DE ACCESO ADICIONAL--NOMBRE DE PERSONA
Nombre de persona Pérez Padilla, José Rogelio
9 (RLIN) 72417
Holdings
Estado de retiro Estado de pérdida Restricciones de uso No para préstamo Código de colección Localización permanente Ubicación/localización actual Ubicación en estantería Fecha de adquisición Número de inventario Total de préstamos Signatura topográfica completa Código de barras Fecha visto por última vez Precio válido a partir de Tipo de ítem Koha
      Excluido de préstamo Monografías: Libros y Folletos General General En catalogación 27.06.2014 LF1   44405-10 25.06.2020 25.06.2020 No se presta

Powered by Koha